[Event "Mlada Boleslav Region-ch"]
[Site "Mlada Boleslav"]
[Date "2015.06.21"]
[Round "5"]
[White "Jirousek, Tadeas"]
[Black "Sklenka, Jan"]
[Result "0-1"]
[WhiteElo "1491"]
[BlackElo "1430"]
[PlyCount "60"]
[EventDate "2015.06.20"]
[EventType "swiss"]
[EventRounds "7"]
[EventCountry "CZE"]
[SourceTitle "EXT 2017"]
[Source "ChessBase"]
[SourceDate "2016.10.25"]
[SourceVersion "1"]
[SourceVersionDate "2016.10.25"]
[SourceQuality "1"]

1. e4 e6 2. d4 d5 3. e5 c5 4. c3 Nc6 5. Nf3 cxd4 6. cxd4 Bb4+ 7. Nbd2 Qb6 8. a3 Bxd2+ 9. Qxd2 Nge7 10. Bd3 Bd7 11. Bc2 Ng6 12. 0-0 Na5 13. Rb1 Bb5 14. Rd1 Nc4 15. Qg5 Qd8 16. Qg3 Rc8 17. Bg5 Qd7 18. Bd3 Na5 19. Rbc1 Rxc1 20. Bxc1 0-0 21. Nd2 Rc8 22. b4 Nc4 23. Nxc4 Bxc4 24. Bxc4 Rxc4 25. Qb3 Qc6 26. Bb2 Nf4 27. g3 Ne2+ 28. Kg2 Nc3 29. Rc1 Na4 30. Rxc4 dxc4+ 0-1

[Event "Mlada Boleslav Region-ch"]
[Site "Mlada Boleslav"]
[Date "2015.06.21"]
[Round "6"]
[White "Sklenka, Jan"]
[Black "Vojta, Jakub"]
[Result "1/2-1/2"]
[WhiteElo "1430"]
[BlackElo "1556"]
[PlyCount "94"]
[EventDate "2015.06.20"]
[EventType "swiss"]
[EventRounds "7"]
[EventCountry "CZE"]
[SourceTitle "EXT 2017"]
[Source "ChessBase"]
[SourceDate "2016.10.25"]
[SourceVersion "1"]
[SourceVersionDate "2016.10.25"]
[SourceQuality "1"]

1. d4 d5 2. Nf3 Bg4 3. g3 Qd7 4. Bg2 Nc6 5. 0-0 f6 6. b3 g5 7. Bb2 h5 8. c4 dxc4 9. bxc4 h4 10. d5 Nd8 11. Nxg5 hxg3 12. fxg3 Qd6 13. Ne4 Qb4 14. Qb3 Qxb3 15. axb3 Bh6 16. Bf3 Be3+ 17. Nf2 Bh3 18. Bg2 Bf5 19. Kh1 Bxf2 20. Rxf2 Bxb1 21. Rxb1 Nh6 22. Bh3 Ndf7 23. Bc1 Ne5 24. Bxh6 Rxh6 25. Be6 Kf8 26. Kg2 Kg7 27. h3 a5 28. Rf4 b6 29. Kf2 a4 30. b4 a3 31. c5 Rhh8 32. cxb6 a2 33. Ra1 cxb6 34. Rd4 Nf7 35. Rg4+ Kf8 36. h4 Nd8 37. Rd4 Nxe6 38. dxe6 Kg7 39. Rd2 Ra4 40. Raxa2 Rxb4 41. Rd7 Re8 42. Raa7 Kf8 43. Rdb7 b5 44. Ra5 Re4 45. Raxb5 Rxe6 46. Rb8 Rxb8 47. Rxb8+ Kf7 1/2-1/2

[Event "Mlada Boleslav Region-ch U20"]
[Site "Mlada Boleslav"]
[Date "2014.06.21"]
[Round "3"]
[White "Sklenka, Jan"]
[Black "Remes, Simon"]
[Result "1/2-1/2"]
[WhiteElo "1523"]
[BlackElo "1486"]
[PlyCount "73"]
[EventDate "2014.06.21"]
[EventType "swiss"]
[EventRounds "7"]
[EventCountry "CZE"]
[SourceTitle "EXT 2016"]
[Source "ChessBase"]
[SourceDate "2015.10.08"]
[SourceVersion "1"]
[SourceVersionDate "2015.10.08"]
[SourceQuality "1"]

1. d4 d5 2. Nf3 Nf6 3. g3 g6 4. Bg2 Bg7 5. 0-0 0-0 6. b3 b6 7. Bb2 Bb7 8. Nbd2 Nbd7 9. c4 e6 10. Rc1 Rc8 11. cxd5 exd5 12. Ne5 Nxe5 13. dxe5 Ng4 14. Bh3 Nxe5 15. Bxc8 Qxc8 16. Qc2 c5 17. Nf3 d4 18. Nxe5 Bxe5 19. f3 Qe6 20. Qc4 Bd5 21. Qd3 Re8 22. Rce1 Qd6 23. f4 Bg7 24. e4 Bc6 25. Re2 Qe6 26. Rfe1 Kf8 27. Ba3 Qd7 28. Qb1 Qe6 29. Qd3 Qd7 30. Qb1 Qe6 31. Bb2 Bb7 32. Qd3 Qd7 33. Qc4 Bc6 34. Qc1 Qe6 35. Qc2 Qd7 36. Qd2 Qe6 37. Qd3 1/2-1/2

[Event "Mlada Boleslav Region-ch U20"]
[Site "Mlada Boleslav"]
[Date "2013.06.23"]
[Round "6"]
[White "Skypala, Ondrej"]
[Black "Sklenka, Jan"]
[Result "0-1"]
[WhiteElo "1421"]
[BlackElo "1319"]
[PlyCount "60"]
[EventDate "2013.06.22"]
[EventType "swiss"]
[EventRounds "7"]
[EventCountry "CZE"]
[SourceTitle "EXT 2015"]
[Source "ChessBase"]
[SourceDate "2014.11.20"]
[SourceVersion "1"]
[SourceVersionDate "2014.11.20"]
[SourceQuality "1"]

1. e4 e6 2. d4 d5 3. exd5 exd5 4. Bd3 Bd6 5. Ne2 c6 6. c3 Ne7 7. Nd2 0-0 8. Nb3 Nd7 9. 0-0 Nb6 10. Qc2 g6 11. Bh6 Re8 12. Qd2 Nf5 13. Ng3 Nxh6 14. Qxh6 Bf8 15. Qd2 Bg7 16. Rae1 Be6 17. Nc5 Qc8 18. f4 f5 19. Re2 Nc4 20. Bxc4 dxc4 21. Rfe1 Bf7 22. Rxe8+ Bxe8 23. Qe2 Bf7 24. Ne6 Bxe6 25. Qxe6+ Qxe6 26. Rxe6 Bh6 27. Nxf5 Bxf4 28. Re4 Bc1 29. Ne7+ Kf7 30. Re2 Re8 0-1

[Event "Mlada Boleslav Region-ch U20"]
[Site "Mlada Boleslav"]
[Date "2013.06.22"]
[Round "2"]
[White "Hosnedl, Ondrej"]
[Black "Sklenka, Jan"]
[Result "0-1"]
[WhiteElo "1516"]
[BlackElo "1319"]
[PlyCount "70"]
[EventDate "2013.06.22"]
[EventType "swiss"]
[EventRounds "7"]
[EventCountry "CZE"]
[SourceTitle "EXT 2015"]
[Source "ChessBase"]
[SourceDate "2014.11.20"]
[SourceVersion "1"]
[SourceVersionDate "2014.11.20"]
[SourceQuality "1"]

1. e4 e6 2. d4 d5 3. Nc3 Nf6 4. Bd3 c5 5. Nf3 Nc6 6. Be3 Qb6 7. Bb5 a6 8. Bxc6+ bxc6 9. Rb1 cxd4 10. Bxd4 c5 11. Bxf6 gxf6 12. exd5 e5 13. 0-0 Bh6 14. d6 Ra7 15. Ne4 Bg7 16. b3 Rd7 17. c4 f5 18. Nc3 Qxd6 19. Qe2 e4 20. Rbd1 Qe6 21. Ng5 Qf6 22. Ngxe4 fxe4 23. Nxe4 Qe5 24. Rde1 Re7 25. Kh1 Bb7 26. f3 f5 27. Ng3 Qxe2 28. Nxe2 0-0 29. Nf4 Rfe8 30. Rxe7 Rxe7 31. h3 Bh6 32. Nd3 Rc7 33. Re1 Bg7 34. Nf4 Bd4 35. Nh5 Rd7 0-1

[Event "Mlada Boleslav Region-ch U20"]
[Site "Mlada Boleslav"]
[Date "2012.06.24"]
[Round "7"]
[White "Kosicar, Lukas"]
[Black "Sklenka, Jan"]
[Result "0-1"]
[WhiteElo "1250"]
[BlackElo "1268"]
[PlyCount "52"]
[EventDate "2012.06.23"]
[EventType "swiss"]
[EventRounds "7"]
[EventCountry "CZE"]
[SourceTitle "EXT 2014"]
[Source "ChessBase"]
[SourceDate "2013.11.20"]
[SourceVersion "1"]
[SourceVersionDate "2013.11.20"]
[SourceQuality "1"]

1. c4 e5 2. Nc3 Nc6 3. Nf3 Nf6 4. g3 d6 5. Bg2 Be6 6. Qb3 Qc8 7. Qa4 Bd7 8. Qd1 g6 9. d4 exd4 10. Nxd4 Bg7 11. e3 0-0 12. Qb3 Rb8 13. Qa3 a6 14. Nxc6 Bxc6 15. Bxc6 bxc6 16. Qa4 Qb7 17. Qc2 d5 18. Ne2 Ne4 19. cxd5 cxd5 20. f3 Nd6 21. 0-0 Rfe8 22. Bd2 Nc4 23. Qc1 Bxb2 24. Rb1 Bxc1 25. Rxb7 Rxb7 26. Rxc1 Nxd2 0-1

[Event "Mlada Boleslav Region-ch U20"]
[Site "Mlada Boleslav"]
[Date "2012.06.24"]
[Round "5"]
[White "Sklenka, Jan"]
[Black "Smolik, Ales"]
[Result "1/2-1/2"]
[WhiteElo "1268"]
[BlackElo "1345"]
[PlyCount "55"]
[EventDate "2012.06.23"]
[EventType "swiss"]
[EventRounds "7"]
[EventCountry "CZE"]
[SourceTitle "EXT 2014"]
[Source "ChessBase"]
[SourceDate "2013.11.20"]
[SourceVersion "1"]
[SourceVersionDate "2013.11.20"]
[SourceQuality "1"]

1. e4 e5 2. Nf3 Nc6 3. Bc4 d6 4. a3 Nf6 5. d3 d5 6. exd5 Nxd5 7. Nc3 Nxc3 8. bxc3 Bf5 9. 0-0 Bd6 10. Re1 0-0 11. Bg5 Qd7 12. Bh4 Na5 13. Bb3 Nxb3 14. cxb3 f6 15. Bg3 Rad8 16. Nh4 Bc5 17. Nxf5 Qxf5 18. d4 exd4 19. cxd4 Bxd4 20. Rc1 Bxf2+ 21. Bxf2 Rxd1 22. Rcxd1 c6 23. Bxa7 Ra8 24. Bf2 Rxa3 25. Rf1 Kf7 26. Rde1 h6 27. b4 Rd3 28. Be3 1/2-1/2

[Event "Mlada Boleslav Region-ch U20"]
[Site "Mlada Boleslav"]
[Date "2012.06.23"]
[Round "4"]
[White "Civin, Dominik"]
[Black "Sklenka, Jan"]
[Result "1/2-1/2"]
[WhiteElo "1328"]
[BlackElo "1268"]
[PlyCount "50"]
[EventDate "2012.06.23"]
[EventType "swiss"]
[EventRounds "7"]
[EventCountry "CZE"]
[SourceTitle "EXT 2014"]
[Source "ChessBase"]
[SourceDate "2013.11.20"]
[SourceVersion "1"]
[SourceVersionDate "2013.11.20"]
[SourceQuality "1"]

1. e4 e5 2. Nf3 Nc6 3. Bc4 Bc5 4. d3 d6 5. h3 h6 6. Nc3 Nf6 7. Be3 Bb6 8. Qd2 Na5 9. Bb3 0-0 10. g4 Nxb3 11. cxb3 Bxe3 12. Qxe3 Nh7 13. Rg1 f6 14. h4 g5 15. 0-0-0 c6 16. d4 Qe7 17. Nd2 b5 18. d5 Bb7 19. dxc6 Bxc6 20. Nf3 Rac8 21. Kb1 b4 22. Nd5 Bxd5 23. exd5 Qb7 24. Qe4 Qd7 25. Qxb4 Rb8 1/2-1/2